LEADER 00922nam0-22002651i-450- 001 990003989860403321 005 20040112115522.0 035 $a000398986 035 $aFED01000398986 035 $a(Aleph)000398986FED01 035 $a000398986 100 $a20040112d1989----km-y0itay50------ba 101 0 $aita 200 1 $aAutomazione e telematica per la navigazione sicura, l'efficienza dei trasporti, la trasporti, la protezione dei mari e delle coste$fC.N.R. 210 $aGenova$cCNR$d1989 300 $aBibl. Ing. Sanitaria 610 0 $aScarichi a mare 710 02$aConsiglio nazionale delle ricerche$01291 801 0$aIT$bUNINA$gRICA$2UNIMARC 901 $aBK 912 $a990003989860403321 952 $a15 G/3-25$fDINID 959 $aDINID 996 $aAutomazione e telematica per la navigazione sicura, l'efficienza dei trasporti, la trasporti, la protezione dei mari e delle coste$9474637 997 $aUNINA LEADER 01182nam0-22003011i-450 001 990005519420403321 005 20251216172408.0 035 $a000551942 035 $aFED01000551942 035 $a(Aleph)000551942FED01 100 $a19990604d1936----km-y0itay50------ba 101 0 $afre 102 $aFR 105 $ay-------001yy 200 1 $aHistoire religieuse des règnes de Corneille de Berghes et de Georges d'Autriche princes évèques de Liège (1538-1557)$eRéforme protestante et Réforme Catholique au Diocèse de Liège$fpar Léon-E. Halkin 210 $aParis$c"Les Belles Lettres"$d1936 215 $a436 p.$d26 cm 225 1 $aBibliothèque de la Faculté de Philosophie et Lettres de l'Université de Liège$v72 610 0 $aRiforma protestante$aStoria 676 $a270.6$v21$zita 700 1$aHalkin,$bLéon-Ernest$f<1906-1998>$0422981 801 0$aIT$bUNINA$gRICA$2UNIMARC 901 $aBK 912 $a990005519420403321 952 $a270.6 HAL 1$bST.MED.MOD. 692$fFLFBC 959 $aFLFBC 996 $aHistoire religieuse des règnes de Corneille de Berghes et de Georges d'Autriche, princes-évêques de Liège (1538-1557)$91891694 997 $aUNINA